000 00299nam a22001217a 4500
050 _aNC 242
_b.B3
100 _a Beardsley, Aubrey,
245 _a Aubrey Beardsley
260 _aNewyork:
_bBonanza books,
_c1942.
300 _a372p.
650 _xBeardsley, Aubrey, 1872-1898
942 _2lcc
_cGEN
999 _c9212
_d9212